00583nam a22002057a 4500003000500000005001700005008004100022010001000063011001000073035001000083040000900093082001600102100002000118245010000138260003400238300001100272490004000283650001400323830004000337CHAP20220329140342.0971013s1976 r 00010 d a50832 a51804 a55954 cCHAP a335.4bP54Y00aPlejanov, Yuri. aCuestiones fundamentales del marxismob: del materialismo de Ferverbach al materialismo de Marx aBarcelona :bFontamara,c1976 a191 p. aDe la naturaleza de las cosasv; 1714aMarxismo.0 aDe la naturaleza de las cosasv; 17